000 00274nam a2200121 a 4500
001 4136
005 20140414131927.0
008 090217s19uu xx 00 eng d
050 _aER
_bP81 2000
100 _aMartin, David
245 _aPop pop pop pop pop.
999 _c112078
_d112078